Online katalóg knižníc regiónu Turca

Najkrajšie rozprávky pre najmenších / (Record no. 21312)

MARC details
000 -LEADER
fixed length control field 01548nam a2200457 i 4500
001 - CONTROL NUMBER
control field 21312
003 - CONTROL NUMBER IDENTIFIER
control field CZ PrNK
005 - DATE AND TIME OF LATEST TRANSACTION
control field 20260226122813.0
007 - PHYSICAL DESCRIPTION FIXED FIELD--GENERAL INFORMATION
fixed length control field ta
008 - FIXED-LENGTH DATA ELEMENTS--GENERAL INFORMATION
fixed length control field 190322s2019 xr a b 000 j slo
015 ## - NATIONAL BIBLIOGRAPHY NUMBER
National bibliography number cnb003084183
020 ## - INTERNATIONAL STANDARD BOOK NUMBER
International Standard Book Number 9788075673572
Qualifying information (vázáno)
035 ## - SYSTEM CONTROL NUMBER
System control number (OCoLC)1100763803
040 ## - CATALOGING SOURCE
Original cataloging agency BOA001
Language of cataloging cze
Modifying agency ABA001
Description conventions rda
041 1# - LANGUAGE CODE
Language code of text/sound track or separate title slo
Language code of original cze
072 #7 - SUBJECT CATEGORY CODE
Subject category code 821.162.3-3
Subject category code subdivision Česká próza
Source Konspekt
072 #7 - SUBJECT CATEGORY CODE
Subject category code 821-93
Subject category code subdivision Literatura pro děti a mládež (beletrie)
Source Konspekt
080 ## - UNIVERSAL DECIMAL CLASSIFICATION NUMBER
Universal Decimal Classification number 821.162.3-34
Edition identifier MRF
080 ## - UNIVERSAL DECIMAL CLASSIFICATION NUMBER
Universal Decimal Classification number 821-93
Edition identifier MRF
080 ## - UNIVERSAL DECIMAL CLASSIFICATION NUMBER
Universal Decimal Classification number (0:82-34)
Edition identifier MRF
100 1# - MAIN ENTRY--PERSONAL NAME
Personal name Pilařová, Ivana
Relationship aut
245 10 - TITLE STATEMENT
Title Najkrajšie rozprávky pre najmenších /
Statement of responsibility, etc. napísala: Ivana Pilařová a Alexandra Niklíčková ; preklad: Marianna Strapcová ; ilustrácie: Petr Bauer
250 ## - EDITION STATEMENT
Edition statement 1. vydanie
264 #1 - PRODUCTION, PUBLICATION, DISTRIBUTION, MANUFACTURE, AND COPYRIGHT NOTICE
Place of production, publication, distribution, manufacture Říčany :
Name of producer, publisher, distributor, manufacturer Sun, s.r.o.,
Date of production, publication, distribution, manufacture, or copyright notice 2019
300 ## - PHYSICAL DESCRIPTION
Extent 103 stran :
Other physical details barevné ilustrace ;
Dimensions 22 cm
336 ## - CONTENT TYPE
Content type term text
Content type code txt
Source rdacontent
336 ## - CONTENT TYPE
Content type term statický obraz
Content type code sti
Source rdacontent
337 ## - MEDIA TYPE
Media type term bez média
Media type code n
Source rdamedia
338 ## - CARRIER TYPE
Carrier type term svazek
Carrier type code nc
Source rdacarrier
500 ## - GENERAL NOTE
General note Přeloženo z češtiny
655 #7 - INDEX TERM--GENRE/FORM
Genre/form data or focus term české pohádky
Source of term czenas
655 #7 - INDEX TERM--GENRE/FORM
Genre/form data or focus term publikace pro děti
Source of term czenas
655 #9 - INDEX TERM--GENRE/FORM
Genre/form data or focus term Czech fairy tales
Source of term eczenas
655 #9 - INDEX TERM--GENRE/FORM
Genre/form data or focus term children's literature
Source of term eczenas
700 1# - ADDED ENTRY--PERSONAL NAME
Personal name Niklíčková, Alexandra,
Dates associated with a name 1978-
Relationship aut
700 1# - ADDED ENTRY--PERSONAL NAME
Personal name Strapcová, Marianna
Relationship trl
700 1# - ADDED ENTRY--PERSONAL NAME
Personal name Bauer, Petr,
Dates associated with a name 1963-
Relationship ill
901 ## - LOCAL DATA ELEMENT A, LDA (RLIN)
b 9788075673572
f 1. vydanie
o 20190424
910 ## - USER-OPTION DATA (OCLC)
User-option data ABA001
942 ## - ADDED ENTRY ELEMENTS (KOHA)
Source of classification or shelving scheme Dewey Decimal Classification
Koha item type Krásna literatúra pre deti
Suppress in OPAC No
Holdings
Stav vyradenia Strata Poškodenie Spôsob nadobudnutia Domovská knižnica Aktuálna knižnica Dátum nadobudnutia Total checkouts Čiarový kód exemplára Date last seen Typ exemplára
      Dar Obecná knižnica Turčianska Štiavnička Obecná knižnica Turčianska Štiavnička 26.02.2026   4738000090 26.02.2026 Krásna literatúra pre deti
Projekt je podporený Slovenskou asociáciou knižníc
Prevádzkuje Turčianska knižnica Martin 2026